College Football on a Map: ACC - Statistics

General Stats
  • This quiz has been taken 243 times
  • The average score is 11 of 14
Answers on the Map
Answers color-coded by a green-red scale on the quiz's map according to % correct below.
 
Answer Stats
Answer % Correct
Boston College
93%
Florida State
93%
Louisville
93%
Syracuse
92%
Georgia Tech
91%
Miami
90%
Pittsburgh
88%
Clemson
87%
Virginia
80%
Virginia Tech
79%
Wake Forest
50%
Duke
49%
NC State
48%
North Carolina
48%
No matching quizzes found
Score Distribution
Percent of People with Each Score
Percentile by Number Answered
Your Score History
You have not taken this quiz